Prezydenci III Rzeczpospolitej (po 1989) - Statystyki

Ogólne statystyki
  • Ten quiz został rozwiązany 2 141 razy
  • Średni wynik to 6 z 8
Statystyki odpowiedzi
Lp. Objęcie urzędu Złożenie urzędu Prezydent % Poprawnych
8. 6 sierpnia 2015 Wciąż urzęduje Andrzej Duda
99%
4. 23 grudnia 2005 10 kwietnia 2010 Lech Kaczyński
96%
2. 22 grudnia 1990 22 grudnia 1995 Lech Wałęsa
95%
5. 10 kwietnia 2010 8 lipca 2010 Bronisław Komorowski
94%
3. 23 grudnia 1995 23 grudnia 2005 Aleksander Kwaśniewski
92%
1. 31 grudnia 1989 22 grudnia 1990 Wojciech Jaruzelski
84%
7. 8 lipca 2010 6 sierpnia 2010 Grzegorz Schetyna
27%
6. 8 lipca 2010 8 lipca 2010 Bogdan Borusewicz
15%
Nie znaleziono quizów pasujących do podanych kryteriów
Rozkład punktacji
Procent ludzi z każdym wynikiem
Percentyl według liczby udzielonych odpowiedzi
Twoja historia wyników
Nie rozwiązałeś tego quizu